000 00265nam a2200109 a 4500
005 20201002061516.0
008 190501s2004 000 spa d
100 _aGil, Chris
_976352
245 0 _aSubrepticio.
260 _aSanto Domingo,
_c[s.f.].
999 _c48404
_d48404
040 _aDO-SdBNP